000 00393nam a2200157Ia 4500
008 210210b1991 xxu||||| |||| 00| 0 eng d
041 _aeng
082 _a294.5514 RAOL
100 _aRAO (S K Ramachandra).
245 _aLalita-kosha.
260 _aNew Delhi
_bKalpatharu Research Academy
_c1991
300 _aviii,387,ii
650 _aYajna Tantrik
690 _aHinduism
906 _a050253
999 _c98811
_d98811